[Event "Swindon Open 1st"]
[Site "Swindon"]
[Date "2025.08.22"]
[Round "1.1"]
[White "Coffey, Anthony"]
[Black "Arkell, Keith C"]
[Result "0-1"]
[WhiteElo "1953"]
[BlackElo "2363"]
[PlyCount "78"]
[EventDate "2025.08.22"]
[EventType "swiss"]
[EventRounds "6"]
[EventCountry "ENG"]
[SourceTitle "BritBase"]
[Source "John Saunders"]
[SourceDate "2025.12.11"]
[SourceVersion "1"]
[SourceVersionDate "2025.12.11"]
[SourceQuality "1"]

1. e4 c6 2. d4 d5 3. e5 c5 4. dxc5 Nc6 5. Nf3 Bg4 6. Be2 e6 7. Bf4 Bxc5 8. Nbd2 Nge7 9. O-O Ng6 10. Bg3 O-O 11. Re1 f6 12. exf6 Qxf6 13. h3 Bxf3 14. Nxf3 Rad8 15. Bd3 Bd6 16. Qe2 Bxg3 17. fxg3 Rfe8 18. c4 d4 19. a3 a5 20. Qe4 Nf8 21. Rad1 e5 22. h4 g6 23. Ng5 Ne6 24. Nxe6 Qxe6 25. h5 Kg7 26. Qh4 Rf8 27. Rf1 Ne7 28. h6+ Kg8 29. Qe4 Nf5 30. Rde1 Rde8 31. Rf3 b6 32. b4 axb4 33. axb4 Nxh6 34. Ref1 Rxf3 35. Rxf3 Ng4 36. c5 Nf6 37. Qe2 Kg7 38. Bc4 Qe7 39. cxb6 Rb8 0-1

[Event "Swindon Open 1st"]
[Site "Swindon"]
[Date "2025.08.22"]
[Round "1.2"]
[White "Boswell, Jacob Connor"]
[Black "Coman, Kas"]
[Result "1-0"]
[WhiteElo "2278"]
[BlackElo "1950"]
[PlyCount "127"]
[EventDate "2025.08.22"]
[EventType "swiss"]
[EventRounds "6"]
[EventCountry "ENG"]
[SourceTitle "BritBase"]
[Source "John Saunders"]
[SourceDate "2025.12.11"]
[SourceVersion "1"]
[SourceVersionDate "2025.12.11"]
[SourceQuality "1"]

1. d4 Nf6 2. c4 e6 3. Nf3 d5 4. Nc3 c6 5. e3 Nbd7 6. Be2 Bd6 7. O-O O-O 8. b3 b6 9. Bb2 Bb7 10. Bd3 Qe7 11. Re1 e5 12. e4 exd4 13. Nxd4 Rfe8 14. Nf5 Qe5 15. Nxd6 Qxd6 16. cxd5 cxd5 17. Nb5 Qf4 18. g3 Qh6 19. Bc1 g5 20. Nd6 dxe4 21. Be2 Bd5 22. Nxe8 Rxe8 23. h4 e3 24. Bf3 Bxf3 25. Qxf3 exf2+ 26. Qxf2 Ne4 27. Qc2 Qe6 28. Bxg5 Qg4 29. Bf4 Ndf6 30. Qe2 Qh3 31. Qg2 Qf5 32. Rac1 Rd8 33. Red1 Rxd1+ 34. Rxd1 Qc5+ 35. Kf1 Qb5+ 36. Ke1 Qb4+ 37. Bd2 Qd4 38. Bh6 Qb4+ 39. Bd2 Qd4 40. Rc1 Nxd2 41. Qxd2 Qg1+ 42. Ke2 Qg2+ 43. Kd1 Qh1+ 44. Kc2 Qe4+ 45. Kb2 h6 46. Rd1 Kg7 47. Qd4 Qe2+ 48. Rd2 Qe6 49. a4 h5 50. Ka2 Kg6 51. Qd6 Qf5 52. Qd3 Ne4 53. Re2 Nc5 54. Qxf5+ Kxf5 55. Rf2+ Kg4 56. Rxf7 Kxg3 57. Rxa7 Kxh4 58. b4 Nd3 59. Kb3 Kg3 60. Rg7+ Kf3 61. Kc4 Nf4 62. a5 bxa5 63. bxa5 h4 64. a6 1-0

[Event "Swindon Open 1st"]
[Site "Swindon"]
[Date "2025.08.22"]
[Round "1.3"]
[White "Moyse, Nigel John"]
[Black "Beaumont, Chris R"]
[Result "0-1"]
[WhiteElo "1944"]
[BlackElo "2142"]
[PlyCount "96"]
[EventDate "2025.08.22"]
[EventType "swiss"]
[EventRounds "6"]
[EventCountry "ENG"]
[SourceTitle "BritBase"]
[Source "John Saunders"]
[SourceDate "2025.12.11"]
[SourceVersion "1"]
[SourceVersionDate "2025.12.11"]
[SourceQuality "1"]

1. d4 Nf6 2. Nf3 g6 3. Bf4 Bg7 4. h4 c5 5. e3 Qb6 6. Na3 d6 7. Nc4 Qc7 8. Be2 Nbd7 9. Bh2 O-O 10. O-O b5 11. Ncd2 Rb8 12. a4 a6 13. a5 Bb7 14. c3 Rbd8 15. Qc2 cxd4 16. exd4 Ng4 17. Bg3 e5 18. Ng5 Nh6 19. dxe5 dxe5 20. f3 Nf5 21. Bf2 Nd4 22. Qd1 Nxe2+ 23. Qxe2 h6 24. Nge4 f5 25. Ng3 Nc5 26. Rfd1 Rde8 27. Qe3 Nd7 28. Qd3 e4 29. fxe4 f4 30. Ne2 Ne5 31. Qc2 f3 32. Ng3 fxg2 33. Kxg2 Rxf2+ 34. Kxf2 Ng4+ 35. Kf3 Rf8+ 36. Kxg4 Bc8+ 37. Nf5 Rxf5 38. exf5 Bxf5+ 39. Qxf5 gxf5+ 40. Kf3 Qc6+ 41. Ke2 b4 42. Rg1 bxc3 43. bxc3 Qb5+ 44. c4 Qe8+ 45. Kd3 Qd7+ 46. Kc2 Kh7 47. Ra3 Qd4 48. Rb3 Qxg1 0-1

[Event "Swindon Open 1st"]
[Site "Swindon"]
[Date "2025.08.22"]
[Round "1.4"]
[White "White, Stuart A"]
[Black "Sagues, Vincent"]
[Result "1/2-1/2"]
[WhiteElo "2095"]
[BlackElo "1936"]
[PlyCount "70"]
[EventDate "2025.08.22"]
[EventType "swiss"]
[EventRounds "6"]
[EventCountry "ENG"]
[SourceTitle "BritBase"]
[Source "John Saunders"]
[SourceDate "2025.12.11"]
[SourceVersion "1"]
[SourceVersionDate "2025.12.11"]
[SourceQuality "1"]

1. c4 c6 2. d4 d5 3. Nf3 Nf6 4. Nc3 dxc4 5. a4 Bf5 6. Ne5 Nbd7 7. Nxc4 Qc7 8. g3 e5 9. dxe5 Nxe5 10. Bf4 Nfd7 11. Bg2 Be6 12. Nxe5 Nxe5 13. Qd4 f6 14. Ne4 Qa5+ 15. Bd2 Qd8 16. Qc3 Bd5 17. O-O Be7 18. a5 O-O 19. Rfd1 Qe8 20. Bf4 Qg6 21. Nc5 Bxg2 22. Kxg2 Bxc5 23. Qxc5 Qe4+ 24. Kg1 Qxe2 25. Bxe5 fxe5 26. Re1 Qxb2 27. Rab1 Qd2 28. Rxe5 b6 29. axb6 axb6 30. Qxb6 Rab8 31. Qxb8 Qxf2+ 32. Kh1 Qf3+ 33. Kg1 Qf2+ 34. Kh1 Qf3+ 35. Kg1 Qf2+ 1/2-1/2

[Event "Swindon Open 1st"]
[Site "Swindon"]
[Date "2025.08.22"]
[Round "1.6"]
[White "Garcia Hernandez, Oscar"]
[Black "Bourne, Johnathan D"]
[Result "1-0"]
[WhiteElo "2083"]
[BlackElo "1915"]
[PlyCount "99"]
[EventDate "2025.08.22"]
[EventType "swiss"]
[EventRounds "6"]
[EventCountry "ENG"]
[SourceTitle "BritBase"]
[Source "John Saunders"]
[SourceDate "2025.12.11"]
[SourceVersion "1"]
[SourceVersionDate "2025.12.11"]
[SourceQuality "1"]

1. e4 e6 2. d4 d5 3. Nd2 c5 4. exd5 exd5 5. Bb5+ Bd7 6. Bxd7+ Qxd7 7. Ngf3 Qe6+ 8. Qe2 Qxe2+ 9. Kxe2 Nc6 10. dxc5 Bxc5 11. Nb3 Bb6 12. Re1 Nge7 13. Kf1 f6 14. Be3 Bxe3 15. Rxe3 Kf7 16. Rd1 Rad8 17. c3 Nf5 18. Red3 Nfe7 19. Re3 Nf5 20. Re2 g5 21. Red2 Nfe7 22. Nbd4 g4 23. Nxc6 bxc6 24. Ne1 Rb8 25. Nd3 a5 26. b4 d4 27. cxd4 axb4 28. Rb2 Nd5 29. Rc1 Rhc8 30. Rc4 Rb6 31. Nxb4 Rcb8 32. a3 Ke6 33. Rbc2 Nxb4 34. axb4 Kd5 35. Rc5+ Kd6 36. Ke2 Rxb4 37. Rxc6+ Kd5 38. Rxf6 Re8+ 39. Kd1 Rxd4+ 40. Rd2 Rxd2+ 41. Kxd2 Re7 42. Rf4 Rg7 43. Ke3 Ke5 44. Ra4 Ke6 45. Ra5 Kf6 46. Kf4 Ke6 47. Ra6+ Kd5 48. Ra5+ Ke6 49. Rg5 Rf7+ 50. Kg3 1-0

[Event "Swindon Open 1st"]
[Site "Swindon"]
[Date "2025.08.22"]
[Round "1.7"]
[White "Ortiz Sanchez, Luis"]
[Black "Gimenez Menchon, Cesar"]
[Result "1-0"]
[WhiteElo "1908"]
[BlackElo "2075"]
[PlyCount "89"]
[EventDate "2025.08.22"]
[EventType "swiss"]
[EventRounds "6"]
[EventCountry "ENG"]
[SourceTitle "BritBase"]
[Source "John Saunders"]
[SourceDate "2025.12.11"]
[SourceVersion "1"]
[SourceVersionDate "2025.12.11"]
[SourceQuality "1"]

1. e4 d6 2. d4 Nf6 3. Nc3 e5 4. Nf3 Nbd7 5. Be2 Be7 6. O-O O-O 7. a4 c6 8. a5 Re8 9. d5 Nc5 10. Nd2 cxd5 11. exd5 Bf5 12. Nc4 Na6 13. Ne3 Bg6 14. Nb5 Ne4 15. Bg4 Bf8 16. Re1 h5 17. Bf5 Qh4 18. Qe2 Qf6 19. Bxe4 Bxe4 20. Ng4 hxg4 21. Qxe4 Rec8 22. Be3 Qh4 23. Ra4 Nc5 24. Qxg4 Qh7 25. Rc4 f5 26. Qe2 a6 27. Na3 Ne4 28. f3 Nf6 29. Rd1 f4 30. Rxc8 Rxc8 31. Bxf4 Rc5 32. Be3 Rxa5 33. Bb6 Ra4 34. c4 Rb4 35. Ba5 Rb3 36. Bc3 Be7 37. c5 Nd7 38. c6 Nc5 39. Qc4 Bd8 40. Bxe5 dxe5 41. d6+ Kh8 42. c7 Bxc7 43. dxc7 Qf5 44. Rd8+ Kh7 45. c8=Q 1-0

[Event "Swindon Open 1st"]
[Site "Swindon"]
[Date "2025.08.22"]
[Round "1.8"]
[White "Malinovskii, Ilia"]
[Black "Thomas, James"]
[Result "1-0"]
[WhiteElo "2075"]
[BlackElo "1882"]
[PlyCount "79"]
[EventDate "2025.08.22"]
[EventType "swiss"]
[EventRounds "6"]
[EventCountry "ENG"]
[SourceTitle "BritBase"]
[Source "John Saunders"]
[SourceDate "2025.12.11"]
[SourceVersion "1"]
[SourceVersionDate "2025.12.11"]
[SourceQuality "1"]

1. e4 e6 2. d4 d5 3. e5 c5 4. c3 Nc6 5. Nf3 Bd7 6. Be2 Nge7 7. O-O Ng6 8. g3 Be7 9. h4 O-O 10. h5 Nh8 11. dxc5 Bxc5 12. c4 d4 13. a3 a5 14. Bd3 g6 15. Bh6 Re8 16. Nbd2 Be7 17. Ne4 Qc7 18. Bf4 a4 19. c5 b6 20. Rc1 Na5 21. c6 Bxc6 22. Nxd4 Red8 23. Nxc6 Nxc6 24. Nd6 Ra5 25. Bb5 g5 26. Rxc6 Qd7 27. Rc8 Rxb5 28. Rxd8+ Qxd8 29. Nxb5 gxf4 30. Qg4+ Kf8 31. Rd1 Qe8 32. Nd6 Bxd6 33. exd6 f5 34. Qxf4 Qxh5 35. Rc1 Ng6 36. Qd4 e5 37. Qd5 Qg5 38. Rc8+ Kg7 39. Rc7+ Kh6 40. Qh1+ 1-0

[Event "Swindon Open 1st"]
[Site "Swindon"]
[Date "2025.08.22"]
[Round "1.9"]
[White "Jones, Mark A"]
[Black "Ogunshola, Ben"]
[Result "0-1"]
[WhiteElo "1858"]
[BlackElo "2070"]
[PlyCount "50"]
[EventDate "2025.08.22"]
[EventType "swiss"]
[EventRounds "6"]
[EventCountry "ENG"]
[SourceTitle "BritBase"]
[Source "John Saunders"]
[SourceDate "2025.12.11"]
[SourceVersion "1"]
[SourceVersionDate "2025.12.11"]
[SourceQuality "1"]

1. e4 e5 2. Nf3 Nf6 3. Nxe5 d6 4. Nd3 Nxe4 5. Qe2 Qe7 6. Nf4 c6 7. f3 Nf6 8. d4 Bf5 9. c3 h6 10. Nd2 Nbd7 11. Nc4 O-O-O 12. Ne3 Bh7 13. d5 c5 14. g3 Ne5 15. Kf2 g5 16. Bh3+ Kb8 17. Nfg2 Nd3+ 18. Kf1 Re8 19. Qd2 Qe5 20. c4 h5 21. f4 Qe4 22. fxg5 Qf3+ 23. Kg1 Ne4 24. Qc2 Nxg5 25. Bf5 Bxf5 0-1

[Event "Swindon Open 1st"]
[Site "Swindon"]
[Date "2025.08.22"]
[Round "1.10"]
[White "Girdlestone, Paul C"]
[Black "Lopatko, Vasyl"]
[Result "1-0"]
[WhiteElo "2059"]
[BlackElo "1857"]
[PlyCount "83"]
[EventDate "2025.08.22"]
[EventType "swiss"]
[EventRounds "6"]
[EventCountry "ENG"]
[SourceTitle "BritBase"]
[Source "John Saunders"]
[SourceDate "2025.12.11"]
[SourceVersion "1"]
[SourceVersionDate "2025.12.11"]
[SourceQuality "1"]

1. e4 e6 2. b3 d5 3. Bb2 Nc6 4. exd5 exd5 5. Nf3 Nf6 6. Be2 Bc5 7. d4 Be7 8. Ne5 Bf5 9. Bb5 O-O 10. Bxc6 bxc6 11. O-O Bd6 12. Nxc6 Qc8 13. Nd2 Qa6 14. Ne5 Rad8 15. Re1 c6 16. Qe2 Qc8 17. c4 Be6 18. c5 Bb8 19. b4 Ng4 20. Ndf3 Rfe8 21. Ng5 Nxe5 22. dxe5 Bg4 23. Qd3 Bf5 24. Qd4 Be6 25. a4 a6 26. Ra3 Qb7 27. Rae3 Qe7 28. f4 Bf5 29. g4 Bxg4 30. Qd3 g6 31. Qxa6 Rc8 32. Rg3 Bf5 33. Nf3 Rc7 34. Nd4 Qd7 35. Qe2 Be4 36. b5 cxb5 37. c6 Rxc6 38. Nxc6 Qxc6 39. Qxb5 Ba7+ 40. Kf1 Qxb5+ 41. axb5 Bd3+ 42. Rxd3 1-0

[Event "Swindon Open 1st"]
[Site "Swindon"]
[Date "2025.08.22"]
[Round "1.11"]
[White "Brocklehurst, Andrew"]
[Black "Sachdeva, Ronit"]
[Result "1/2-1/2"]
[WhiteElo "1856"]
[BlackElo "2058"]
[PlyCount "55"]
[EventDate "2025.08.22"]
[EventType "swiss"]
[EventRounds "6"]
[EventCountry "ENG"]
[SourceTitle "BritBase"]
[Source "John Saunders"]
[SourceDate "2025.12.11"]
[SourceVersion "1"]
[SourceVersionDate "2025.12.11"]
[SourceQuality "1"]

1. e4 e5 2. Nf3 Nc6 3. Bb5 Nf6 4. Bxc6 dxc6 5. d3 Bd6 6. Qe2 Qe7 7. h3 h6 8. Be3 a6 9. Nbd2 Be6 10. d4 exd4 11. Bxd4 Bc5 12. c3 O-O-O 13. b4 Bxd4 14. Nxd4 Bd7 15. a4 Rhe8 16. O-O c5 17. bxc5 Qxc5 18. N4b3 Qh5 19. Qe3 Kb8 20. Nc5 Bc6 21. Rab1 Ka8 22. Rb2 Nd7 23. Ncb3 Qg5 24. f4 Qe7 25. Re1 Qa3 26. Reb1 Nb6 27. a5 Na4 28. Nc4 1/2-1/2

[Event "Swindon Open 1st"]
[Site "Swindon"]
[Date "2025.08.22"]
[Round "1.12"]
[White "Hayward, Philip"]
[Black "Sherwood, Gabriel"]
[Result "1-0"]
[WhiteElo "2032"]
[BlackElo "1848"]
[PlyCount "134"]
[EventDate "2025.08.22"]
[EventType "swiss"]
[EventRounds "6"]
[EventCountry "ENG"]
[SourceTitle "BritBase"]
[Source "John Saunders"]
[SourceDate "2025.12.11"]
[SourceVersion "1"]
[SourceVersionDate "2025.12.11"]
[SourceQuality "1"]

1. c4 e5 2. g3 c6 3. Nf3 e4 4. Nd4 Nf6 5. Bg2 d5 6. cxd5 cxd5 7. O-O Bc5 8. Nb3 Bb6 9. d3 O-O 10. Bg5 h6 11. Bxf6 Qxf6 12. Nc3 Rd8 13. e3 Qe7 14. dxe4 dxe4 15. Qh5 f5 16. g4 Rf8 17. gxf5 Bxf5 18. Nd2 Nd7 19. Ndxe4 Ne5 20. Nd5 Qe6 21. Nxb6 axb6 22. Qe2 Bg4 23. f3 Bxf3 24. Rxf3 Nxf3+ 25. Bxf3 Rxa2 26. Rxa2 Qxa2 27. Nc3 Qa1+ 28. Kg2 Qa5 29. Bd5+ Kh8 30. Qb5 Qa1 31. Qe2 Rf5 32. h4 Rf6 33. Be4 Qa8 34. Nd5 Rd6 35. Qf3 Qe8 36. Qf5 g6 37. Qf4 g5 38. hxg5 hxg5 39. Qh2+ Kg7 40. Qh7+ Kf8 41. Qh8+ Kf7 42. Qh7+ Kf8 43. Qf5+ Qf7 44. Qxg5 b5 45. Kg3 Rd7 46. Nf4 Rd2 47. Ng6+ Ke8 48. Qe5+ Kd7 49. Qxb5+ Kc8 50. Bf5+ Kb8 51. Qe5+ Qc7 52. b4 Rd5 53. Qxc7+ Kxc7 54. Kf4 Rb5 55. Kg5 Rxb4 56. Kf6 b5 57. e4 Rb2 58. e5 b4 59. e6 Re2 60. Ne5 Kd6 61. Nf7+ Kc5 62. e7 Kd5 63. Ng5 Rxe7 64. Kxe7 Kc4 65. Nf3 Kc3 66. Kd6 b3 67. Kc5 Kb2 1-0

[Event "Swindon Open 1st"]
[Site "Swindon"]
[Date "2025.08.22"]
[Round "1.13"]
[White "Ronald, Ted"]
[Black "Headlong, Timothy"]
[Result "1/2-1/2"]
[WhiteElo "1827"]
[BlackElo "2024"]
[PlyCount "48"]
[EventDate "2025.08.22"]
[EventType "swiss"]
[EventRounds "6"]
[EventCountry "ENG"]
[SourceTitle "BritBase"]
[Source "John Saunders"]
[SourceDate "2025.12.11"]
[SourceVersion "1"]
[SourceVersionDate "2025.12.11"]
[SourceQuality "1"]

1. e4 c5 2. Nc3 Nc6 3. g3 g6 4. Bg2 Bg7 5. d3 d6 6. Be3 Rb8 7. Qd2 b5 8. Nge2 Nd4 9. O-O e6 10. f4 Ne7 11. Nd1 O-O 12. Nc1 Ndc6 13. c3 b4 14. g4 bxc3 15. bxc3 f5 16. gxf5 exf5 17. Ne2 Be6 18. Ng3 Qd7 19. d4 cxd4 20. cxd4 d5 21. e5 Nc8 22. Nf2 Nb6 23. Nd3 Nc4 24. Qe2 Rfc8 1/2-1/2

[Event "Swindon Open 1st"]
[Site "Swindon"]
[Date "2025.08.22"]
[Round "1.15"]
[White "Sieczkowski, Adam"]
[Black "Hill, Andy"]
[Result "1/2-1/2"]
[WhiteElo "1806"]
[BlackElo "1989"]
[PlyCount "111"]
[EventDate "2025.08.22"]
[EventType "swiss"]
[EventRounds "6"]
[EventCountry "ENG"]
[SourceTitle "BritBase"]
[Source "John Saunders"]
[SourceDate "2025.12.11"]
[SourceVersion "1"]
[SourceVersionDate "2025.12.11"]
[SourceQuality "1"]

1. Nf3 Nf6 2. d4 g6 3. g3 Bg7 4. Bg2 O-O 5. c4 d6 6. O-O Nc6 7. Nc3 a6 8. d5 Na5 9. Qd3 c5 10. e4 Rb8 11. Bd2 b5 12. b3 bxc4 13. bxc4 Bg4 14. Rab1 Qc7 15. Ne1 Rxb1 16. Nxb1 Rb8 17. Nc2 Bd7 18. Ne3 h5 19. Qa3 Nb7 20. Qxa6 Qc8 21. Nc3 Ra8 22. Qb6 Ng4 23. Nxg4 hxg4 24. Rb1 Nd8 25. Qb3 Qa6 26. Bf1 Bd4 27. Ne2 Ba4 28. Qd3 Be5 29. Bc3 f6 30. Bxe5 dxe5 31. Nc3 Nf7 32. Qe3 Rc8 33. Nxa4 Qxa4 34. Rb7 Kf8 35. Be2 f5 36. Bd3 Qa6 37. Rb1 Qf6 38. exf5 gxf5 39. Rb5 e4 40. Bf1 Ne5 41. h4 Nf3+ 42. Kg2 Kf7 43. Be2 Qa1 44. Bf1 Rh8 45. Rb6 Rxh4 46. Rh6 Rxh6 47. Qxh6 Ne1+ 48. Kh1 Nf3 49. Qe6+ Kg7 50. Qxe7+ Kg6 51. Kg2 Qh8 52. Qe6+ Kg5 53. Qe7+ Kg6 54. Qd6+ Kg5 55. Qf4+ Kg6 56. Qd6+ 1/2-1/2

[Event "Swindon Open 1st"]
[Site "Swindon"]
[Date "2025.08.22"]
[Round "1.16"]
[White "Kapechun, Mikhailo"]
[Black "Headlong, Georgia"]
[Result "1-0"]
[WhiteElo "1985"]
[BlackElo "1797"]
[PlyCount "61"]
[EventDate "2025.08.22"]
[EventType "swiss"]
[EventRounds "6"]
[EventCountry "ENG"]
[SourceTitle "BritBase"]
[Source "John Saunders"]
[SourceDate "2025.12.11"]
[SourceVersion "1"]
[SourceVersionDate "2025.12.11"]
[SourceQuality "1"]

1. e4 e5 2. Nf3 Nc6 3. d4 exd4 4. Bc4 Bb4+ 5. c3 dxc3 6. O-O Nge7 7. Ng5 Ne5 8. Nxf7 Nxf7 9. Bxf7+ Kxf7 10. Qb3+ d5 11. Qxb4 dxe4 12. Nxc3 Qd6 13. Qxe4 Bf5 14. Qxb7 Nc6 15. Rd1 Bd3 16. Rxd3 Qxd3 17. Qxc6 Rhe8 18. Be3 Rad8 19. Qxc7+ Rd7 20. Qf4+ Kg8 21. h3 Rf7 22. Qg4 Qc2 23. Qe2 Qf5 24. Rd1 Qe6 25. Rd4 Qc6 26. Qc4 Qg6 27. Qd3 Qc6 28. Ne4 Rfe7 29. Ng5 g6 30. Qb3+ Kf8 31. Rf4+ 1-0

[Event "Swindon Open 1st"]
[Site "Swindon"]
[Date "2025.08.22"]
[Round "1.18"]
[White "Gordon, Sean"]
[Black "Walsh, Jordan"]
[Result "1/2-1/2"]
[WhiteElo "1975"]
[BlackElo "1735"]
[PlyCount "65"]
[EventDate "2025.08.22"]
[EventType "swiss"]
[EventRounds "6"]
[EventCountry "ENG"]
[SourceTitle "BritBase"]
[Source "John Saunders"]
[SourceDate "2025.12.11"]
[SourceVersion "1"]
[SourceVersionDate "2025.12.11"]
[SourceQuality "1"]

1. Nf3 f5 2. d3 Nf6 3. e4 fxe4 4. dxe4 d6 5. e5 Ne4 6. Bd3 Nc5 7. Bc4 Be6 8. Bxe6 Nxe6 9. Qd5 Qc8 10. exd6 c6 11. Qh5+ g6 12. Qg4 Na6 13. dxe7 Bxe7 14. O-O O-O 15. Re1 Nac7 16. Bh6 Rf5 17. Nd4 Nxd4 18. Rxe7 Nde6 19. Qe4 Rh5 20. Bf4 Nd5 21. Qxe6+ Qxe6 22. Rxe6 Nxf4 23. Re7 Rb5 24. b3 Rd8 25. Nc3 Rc5 26. Ne4 Rxc2 27. g3 Rxa2 28. Nf6+ Kf8 29. Rae1 Nh3+ 30. Kg2 Nxf2 31. Nxh7+ Kg8 32. Nf6+ Kf8 33. Nh7+ 1/2-1/2

[Event "Swindon Open 1st"]
[Site "Swindon"]
[Date "2025.08.22"]
[Round "1.19"]
[White "Poderico, Francesco"]
[Black "Terler, Bohdan"]
[Result "1/2-1/2"]
[WhiteElo "1731"]
[BlackElo "1974"]
[PlyCount "76"]
[EventDate "2025.08.22"]
[EventType "swiss"]
[EventRounds "6"]
[EventCountry "ENG"]
[SourceTitle "BritBase"]
[Source "John Saunders"]
[SourceDate "2025.12.11"]
[SourceVersion "1"]
[SourceVersionDate "2025.12.11"]
[SourceQuality "1"]

1. d4 d5 2. c4 e6 3. Nc3 Nf6 4. cxd5 exd5 5. Bg5 c6 6. Qc2 h6 7. Bh4 Be7 8. e3 O-O 9. Bd3 Re8 10. Nge2 Nbd7 11. O-O Ne4 12. Bxe7 Qxe7 13. Rae1 Ndf6 14. f3 Nxc3 15. Nxc3 c5 16. dxc5 Qxc5 17. Nb5 Qxc2 18. Bxc2 Rd8 19. Rd1 Bd7 20. Nd4 Re8 21. Kf2 Rac8 22. Bb3 Rc5 23. Rd2 Kf8 24. Rfd1 Be6 25. g4 g5 26. h4 b5 27. Rh1 Kg7 28. hxg5 hxg5 29. Rc2 Rec8 30. Rhc1 Rxc2+ 31. Rxc2 Rxc2+ 32. Bxc2 Bd7 33. b4 Ne8 34. Bf5 Bxf5 35. Nxf5+ Kf6 36. Ke2 Ke5 37. Kd3 a6 38. a3 f6 1/2-1/2

[Event "Swindon Open 1st"]
[Site "Swindon"]
[Date "2025.08.22"]
[Round "1.20"]
[White "Davis, Colin"]
[Black "Bigi, Francesco"]
[Result "1-0"]
[WhiteElo "1955"]
[BlackElo "1497"]
[PlyCount "47"]
[EventDate "2025.08.22"]
[EventType "swiss"]
[EventRounds "6"]
[EventCountry "ENG"]
[SourceTitle "BritBase"]
[Source "John Saunders"]
[SourceDate "2025.12.11"]
[SourceVersion "1"]
[SourceVersionDate "2025.12.11"]
[SourceQuality "1"]

1. Nf3 Nf6 2. g3 g6 3. b3 Bg7 4. Bb2 O-O 5. Bg2 d6 6. d4 Nbd7 7. O-O c6 8. c4 Re8 9. Re1 Qc7 10. e4 e5 11. Nc3 Rb8 12. Qd2 b6 13. d5 Bb7 14. Rad1 Nc5 15. b4 cxd5 16. bxc5 d4 17. Nb5 Qxc5 18. Ba3 Qxc4 19. Nxd6 Qa4 20. Qb4 Qxb4 21. Bxb4 Red8 22. Nxe5 Nxe4 23. Bxe4 Bxe5 24. Nxb7 1-0

[Event "Swindon Open 1st"]
[Site "Swindon"]
[Date "2025.08.23"]
[Round "2.1"]
[White "Arkell, Keith C"]
[Black "Girdlestone, Paul C"]
[Result "1-0"]
[WhiteElo "2363"]
[BlackElo "2059"]
[PlyCount "57"]
[EventDate "2025.08.22"]
[EventType "swiss"]
[EventRounds "6"]
[EventCountry "ENG"]
[SourceTitle "BritBase"]
[Source "John Saunders"]
[SourceDate "2025.12.11"]
[SourceVersion "1"]
[SourceVersionDate "2025.12.11"]
[SourceQuality "1"]

1. d4 Nf6 2. Nf3 e6 3. c4 c5 4. d5 d6 5. Nc3 exd5 6. cxd5 g6 7. Nd2 Bg7 8. Nc4 Ng4 9. Qa4+ Bd7 10. Qb3 Qc7 11. Qxb7 Qxb7 12. Nxd6+ Ke7 13. Nxb7 Na6 14. Bg5+ Kf8 15. Bf4 Nb4 16. Rc1 Bxc3+ 17. bxc3 Nxd5 18. Bd6+ Kg7 19. Nxc5 Bc6 20. e4 Nb6 21. h3 Nf6 22. f3 Rac8 23. Ba6 Rcd8 24. Be5 Rde8 25. Bd4 Nbd5 26. g4 g5 27. h4 h6 28. hxg5 hxg5 29. Rxh8 1-0

[Event "Swindon Open 1st"]
[Site "Swindon"]
[Date "2025.08.23"]
[Round "2.2"]
[White "Ogunshola, Ben"]
[Black "Boswell, Jacob Connor"]
[Result "1/2-1/2"]
[WhiteElo "2070"]
[BlackElo "2278"]
[PlyCount "138"]
[EventDate "2025.08.22"]
[EventType "swiss"]
[EventRounds "6"]
[EventCountry "ENG"]
[SourceTitle "BritBase"]
[Source "John Saunders"]
[SourceDate "2025.12.11"]
[SourceVersion "1"]
[SourceVersionDate "2025.12.11"]
[SourceQuality "1"]

1. c4 e6 2. Nf3 d5 3. d4 Nf6 4. g3 dxc4 5. Bg2 Nc6 6. O-O a6 7. Bg5 Be7 8. Qc1 h6 9. Bxf6 Bxf6 10. Rd1 O-O 11. Na3 Qe7 12. Nxc4 e5 13. dxe5 Nxe5 14. Nfxe5 Bxe5 15. Nxe5 Qxe5 16. e3 c6 17. Rd4 Be6 18. Qc3 Rac8 19. Rc1 Qf6 20. b3 Rfd8 21. Rcd1 Rd7 22. Be4 g6 23. Qc5 Rcd8 24. Rxd7 Rxd7 25. Rxd7 Bxd7 26. Kg2 Be6 27. Qb4 Qe5 28. Bf3 Qc7 29. Qd4 Qa5 30. Qb2 Kh7 31. a3 Qb5 32. b4 Bc4 33. h4 h5 34. Qd4 Be6 35. Be4 Qa4 36. Qf6 Qb3 37. Qg5 Bg4 38. Qf6 Qc4 39. Qe5 Be2 40. Bf3 Bf1+ 41. Kg1 Qc1 42. Qf4 Bc4+ 43. Kh2 Be6 44. g4 Qd2 45. Kg2 hxg4 46. Bxg4 Qd7 47. Bf3 Bd5 48. Qg5 Bxf3+ 49. Kxf3 Qd3 50. Qf4 Qd5+ 51. Kg3 a5 52. bxa5 c5 53. Qg5 Qd6+ 54. Qf4 Qd5 55. Qg5 Qc6 56. h5 c4 57. hxg6+ fxg6 58. Qe7+ Kg8 59. Qd8+ Kf7 60. Qd2 c3 61. Qc2 Kg7 62. f3 Qd6+ 63. f4 Qd2 64. Qe4 Qe1+ 65. Kh3 Kh6 66. Qe5 Qf1+ 67. Kg3 Qg1+ 68. Kh3 Qh1+ 69. Kg3 Qg1+ 1/2-1/2

[Event "Swindon Open 1st"]
[Site "Swindon"]
[Date "2025.08.23"]
[Round "2.3"]
[White "Beaumont, Chris R"]
[Black "Hayward, Philip"]
[Result "1-0"]
[WhiteElo "2142"]
[BlackElo "2032"]
[PlyCount "50"]
[EventDate "2025.08.22"]
[EventType "swiss"]
[EventRounds "6"]
[EventCountry "ENG"]
[SourceTitle "BritBase"]
[Source "John Saunders"]
[SourceDate "2025.12.11"]
[SourceVersion "1"]
[SourceVersionDate "2025.12.11"]
[SourceQuality "1"]

1. Nf3 Nf6 2. c4 c5 3. Nc3 Nc6 4. g3 d5 5. cxd5 Nxd5 6. Bg2 Nc7 7. a3 g6 8. h4 Bg4 9. Qb3 Bg7 10. Ng5 O-O 11. Bxc6 bxc6 12. Qc4 Qd4 13. d3 Nd5 14. Nge4 f5 15. Nxd5 cxd5 16. Qxd4 Bxd4 17. Nc3 e6 18. Be3 Rab8 19. Bxd4 cxd4 20. Na4 f4 21. f3 fxg3 22. fxg4 Rf4 23. Nc5 e5 24. Rg1 Rxg4 25. Nd7 Rxb2 1-0

[Event "Swindon Open 1st"]
[Site "Swindon"]
[Date "2025.08.23"]
[Round "2.4"]
[White "Verma, Aditya"]
[Black "Dewangan, Aayush"]
[Result "1-0"]
[WhiteElo "2093"]
[BlackElo "2011"]
[PlyCount "97"]
[EventDate "2025.08.22"]
[EventType "swiss"]
[EventRounds "6"]
[EventCountry "ENG"]
[SourceTitle "BritBase"]
[Source "John Saunders"]
[SourceDate "2025.12.11"]
[SourceVersion "1"]
[SourceVersionDate "2025.12.11"]
[SourceQuality "1"]

1. e4 c5 2. Nf3 d6 3. d4 cxd4 4. Nxd4 Nf6 5. Nc3 a6 6. Be3 e6 7. f3 b5 8. Qd2 Nbd7 9. g4 Nb6 10. a4 Nc4 11. Bxc4 bxc4 12. g5 Nd7 13. O-O-O Bb7 14. h4 Nc5 15. h5 Qd7 16. g6 Rc8 17. gxf7+ Qxf7 18. Rdg1 Be7 19. Bg5 Bxg5 20. Rxg5 Qf6 21. Rhg1 Rc7 22. Ndb5 axb5 23. Nxb5 Nd3+ 24. cxd3 Rc6 25. d4 Rg8 26. e5 Qe7 27. Nxd6+ Rxd6 28. exd6 Qxd6 29. Rxg7 Rxg7 30. Rxg7 Bxf3 31. Qg5 Qb4 32. Rg8+ Kd7 33. Qd8+ Kc6 34. Qa8+ Qb7 35. Qxb7+ Kxb7 36. Rg7+ Kc6 37. Rxh7 Kd5 38. Rd7+ Kc6 39. Rd8 Bxh5 40. Kd2 Kc7 41. Rh8 Bf3 42. Kc3 Bd5 43. Kb4 Kb6 44. a5+ Ka6 45. Rd8 Kb7 46. Kc5 Ka6 47. Rxd5 exd5 48. Kxd5 Kb5 49. a6 1-0